Organisational constructions of the BSE problem <a> systems theoretical case study on the globalisation of risk

Na minha lista:
Detalhes bibliográficos
Autor principal: Tacke, Veronika
Formato: Livro
Idioma:inglês
Publicado em: San Domenico (FI) European University Institute 1999
Colecção:EUI Working paper RSC No. 99/8
Assuntos:
Tags: Adicionar Tag
Sem tags, seja o primeiro a adicionar uma tag!

MARC

LEADER 00000nam a2200000 4500
001 c132308
005 20221108123942.9
041 0 |a eng 
044 |a IT 
245 1 0 |a Organisational constructions of the BSE problem  |b <a> systems theoretical case study on the globalisation of risk  |c Veronika Tacke 
264 1 |a San Domenico (FI)  |b European University Institute  |c 1999 
300 |a 38 s. 
490 1 |a EUI Working paper RSC  |v No. 99/8 
830 0 |a EUI Working paper RSC  |v No. 99/8 
610 2 0 |a zvieratá 
610 2 0 |a chov zvierat 
610 2 0 |a chorobnosť 
610 2 0 |a ochrana zdravia 
610 2 0 |a riziko 
610 2 0 |a štúdie prípadové 
100 1 |a Tacke, Veronika